000 00554nam a2200193Ia 4500
005 20260120131405.0
008 008 260114s9999 xx 000 0 eng d
020 _a9780191846106
037 _aEBOOK
040 _aCRL
_beng
_cCRL
041 _aeng
_2eng
084 _qCRL
100 _aFortin
_9926431
245 4 _aThe Accountability of Armed Groups under Human Rights Law
260 _bOxford University PressOxford University Press
_c2017
856 _uhttps://academic.oup.com/book/10310
942 _cEBOOK
999 _c1518346
_d1518346